MyGO&Ave Mujica人物 - Statistics

General Stats
  • This quiz has been taken 35 times
  • The average score is 9 of 11
Answers on the Grid
Answers color-coded by a green-red scale on the quiz's grid according to % correct below.
三角初华
三角初音
三角爱音
东海帝皇
丰川祥子
伊地知星歌
伊地知虹夏
八幡海玲
千早初音
千早爱音
叶灯华
后藤一里
后藤独
哈基米
喜多郁代
山田凉
广井菊里
李在明
林耕佑
椎名立希
波奇酱
淳平
田所浩二
祐天寺若麦
若叶睦
董亚千
要乐奈
长崎素世
骆驼祥子
高松灯
 
Answer Stats
Answer % Correct
三角初华
89%
千早爱音
89%
椎名立希
89%
丰川祥子
86%
若叶睦
86%
高松灯
86%
八幡海玲
82%
要乐奈
82%
长崎素世
82%
三角初音
79%
祐天寺若麦
79%
No matching quizzes found
Score Distribution
Percent of People with Each Score
Percentile by Number Answered
Your Score History
You have not taken this quiz